Visualizzazione normale
Vista MARC
- Battiato Franco
di Personal Name
Records bibliografici associati: 1
001 - CONTROL NUMBER
- control field: 4103
003 - CONTROL NUMBER IDENTIFIER
- control field: IT-RoPau
005 - DATE AND TIME OF LATEST TRANSACTION
- control field: 20131127162109.0
008 - FIXED-LENGTH DATA ELEMENTS
- fixed length control field: 131127|| aca||aabn | a|a d
040 ## - CATALOGING SOURCE
- Original cataloging agency: IT-RoPau
- Transcribing agency: IT-RoPau
100 ## - HEADING--PERSONAL NAME
- Personal name: Battiato Franco
- Miscellaneous information: Codice interprete SPICS: 9459
- Relator term: Interprete
670 ## - SOURCE DATA FOUND
- Source citation: Work cat.: (IT-RoPau)101232: Battiato Franco 4099, Sulle corde di Aries-Clic (Lp Orl 8128)